Pavel Nádvorník: Súčasná neurochirurgia

Bibliographic Details
Main Authors: Janec, Martin, 1921- (Author), Nádvorník, Pavel, 1923-2014 (Author)
Format: Article
Language:Slovak
Subjects:

MARC

LEADER 00000nab a2200000 a 4500
001 vtls000184865
003 SK-MaSNL
005 20260304235020.0
008 250422c1984 xo 0 slo
015 |a SNBRB19rr/mm-uuuuu 
035 |a CL0194978 
035 |a urn:nbn:sk:snk-ab4xq 
035 |a (urnnbn)urn:nbn:sk:snk:ar-a03blf 
035 |a (uuid)8be6d960-f4cd-4b09-a573-549cfe212a99 
040 |a SNKBUCL  |b slo  |c SNKBUCL  |e AACR2 
041 0 |a slo 
044 |a xo  |c SK 
080 |a 616.8:617.5  |2 1981 
080 |a 617.5  |2 1981 
100 1 |a Janec, Martin,  |d 1921-  |4 aut  |9 7950 
245 1 0 |a Pavel Nádvorník: Súčasná neurochirurgia  |c Martin Janec ; Pavel Nádvorník 
650 0 7 |a neurochirurgia  |2 snkbucl  |9 2549 
655 7 |a články z novín a časopisov  |2 snkbucl  |9 267496 
700 1 |a Nádvorník, Pavel,  |d 1923-2014  |4 aut  |9 242206 
773 0 |t Bratislavské lekárske listy  |g Roč. 81, č. 4 (1984), s. 497 
787 0 8 |i Rec.:  |a Nádvorník, Pavel  |t Súčasná neurochirurgia  |d Bratislava : Veda, 1983 
850 |a Slovenská národná knižnica 
852 |a Slovenská národná knižnica 
954 |a odborná, vedecká literatúra pôvodná (slovenská)  |2 lita 
958 |a article27 
958 |a RK 
958 |a MI 
958 |a OND 
958 |a EUIPO 
992 |a RBX 
999 |c 3206901  |d 3208831